| 000 | 00554nam a22001817a 4500 | ||
|---|---|---|---|
| 999 |
_c15759 _d15759 |
||
| 003 | AR-CdUCM | ||
| 008 | 190320b ||||| |||| 00| 0 spa d | ||
| 040 |
_aMUNICIPALIDAD PROVINCIAL DEL CUSCO _cBIBLIOTECA MUNICIPAL DEL CUSCO |
||
| 082 |
_aPI / 803 / _bC97 |
||
| 100 |
_aCuro Ccasani, Filomena. _934955 |
||
| 245 | _aAchita tarpuymana / | ||
| 260 |
_aApurimaq : _bCimagraf, _c2009. |
||
| 300 |
_a11 páginas ; _c21 cm. |
||
| 650 |
_aSierra peruana. _91062 |
||
| 650 |
_aCiencia naturales. _934956 |
||
| 942 |
_2ddc _cLIBROS |
||
| 945 |
_arum _d2019-04-29 |
||